World Capitals Closest to Berlin - Statistics

General Stats
  • This quiz has been taken 1,362 times
  • The average score is 15 of 20
Answer Stats
km capital miles % Correct
524 Vienna 326
91%
518 Warsaw 322
91%
578 Amsterdam 359
90%
355 Copenhagen 221
89%
880 Paris 547
89%
281 Prague 174
89%
652 Brussels 405
86%
603 Luxembourg 575
82%
754 Bern 468
81%
840 Oslo 522
79%
933 London 580
78%
810 Stockholm 504
77%
689 Budapest 428
75%
553 Bratislava 344
73%
661 Vaduz 410
67%
848 Riga 527
64%
820 Vilnius 509
60%
954 Minsk 593
59%
724 Ljubljana 450
57%
771 Zagreb 479
57%
No matching quizzes found
Score Distribution
Percent of People with Each Score
Percentile by Number Answered
Your Score History
You have not taken this quiz